| 000 | 00411nam a2200121Ia 4500 | ||
|---|---|---|---|
| 008 | 220204s9999 xx 000 0 und d | ||
| 082 |
_a338.22.021.4:631(420) _bWIL |
||
| 100 | _aWILSON, Graham K | ||
| 245 | 0 | _aSpecial interests and policy making: Agricultural policies and politics in Britain and United States of America, 1956-70 | |
| 260 |
_aLondon _bJohn Wiley _c1977 |
||
| 650 | _aFarm policies | ||
| 942 | _cBK | ||
| 999 |
_c26887 _d26887 |
||